Statistiques concernant Les 10 meilleurs buteurs en 2020.

Cliquez ici pour prendre le quiz!

Statistiques générales

  • Ce quiz a été pris 238 fois
  • Le résultat moyen est 8 sur 10

Statistiques - réponses

ButsJoueursClubs% Correct
29Kylian MbappePSG
100%
47Robert LewandowskiBayern
99%
44Cristiano RonaldoJuve
98%
26Mohamed SalahLiverpool
97%
27Lionel MessiBarca
96%
39Erling HaalandDortmund
89%
40Romelu LukakuInter
85%
34Ciro ImmobileLazio
84%
26Bruno FernandesMan United
41%
24Andre SilvaEintracht
11%

Distribution des résultats

Percentile par nombre de réponses

% des personnes avec chaque résultat

Votre développement - résultats

Vous n’avez pas pris ce quiz